Challenges in developing a strong organisational culture: lessons from a case study of a high-tech company in India (Record no. 52101)

000 -LEADER
fixed length control field 00472pab a2200157 454500
008 - FIXED-LENGTH DATA ELEMENTS--GENERAL INFORMATION
fixed length control field 180718b2002 xxu||||| |||| 00| 0 eng d
100 ## - MAIN ENTRY--PERSONAL NAME
Personal name Panda, Abinash
245 ## - TITLE STATEMENT
Title Challenges in developing a strong organisational culture: lessons from a case study of a high-tech company in India
260 ## - PUBLICATION, DISTRIBUTION, ETC.
Date of publication, distribution, etc. 2002
300 ## - PHYSICAL DESCRIPTION
Extent p.332-55.
362 ## - DATES OF PUBLICATION AND/OR SEQUENTIAL DESIGNATION
Dates of publication and/or sequential designation Jan
650 ## - SUBJECT ADDED ENTRY--TOPICAL TERM
Topical term or geographic name entry element Organizations
700 ## - ADDED ENTRY--PERSONAL NAME
Personal name Gupta, R.K.
773 ## - HOST ITEM ENTRY
Main entry heading Indian Journal of Industrial Relations
909 ## -
-- 52101
Holdings
Withdrawn status Lost status Damaged status Not for loan Permanent Location Current Location Date acquired Serial Enumeration / chronology Barcode Date last seen Price effective from Koha item type
        Indian Institute of Public Administration Indian Institute of Public Administration 2018-07-19 Volume no: 37, Issue no: 3 AR52531 2018-07-19 2018-07-19 Articles

Powered by Koha